Biblioteca y Centro de Documentación

Wage loss following displacement (Registro nro. 30416)

Detalles MARC
000 -CABECERA
Longitud fija campo de control 01086naa a2200301 c 4500
001 - NÚMERO DE CONTROL
Número de control 30416
003 - IDENTIFICADOR DE NÚMERO DE CONTROL
Identificador del número de control ES-MaCES
005 - FECHA Y HORA DE LA ÚLTIMA TRANSACCIÓN
Fecha y hora de la última transacción 19990701121100.0
008 - CAMPO FIJO DE DESCRIPCIÓN FIJA--INFORMACIÓN GENERAL
Códigos de información de longitud fija   980623n1998 xxu ||| | eng d
035 ## - NÚMERO DE CONTROL DEL SISTEMA
Número de control del sistema CES19980043669v
040 ## - FUENTE DE CATALOGACIÓN
Centro catalogador de origen ES-MaCES
Lengua de catalogación spa
Centro transcriptor ES-MaCES
100 1# - ENCABEZAMIENTO PRINCIPAL--NOMBRE PERSONAL
Nombre de persona Kuhn, Peter
9 (RLIN) 15982
245 10 - MENCIÓN DE TÍTULO
Título Wage loss following displacement
Resto del título : the role of union coverage
Mención de responsabilidad, etc. Peter Kuhn and Arthur Sweetman
504 ## - NOTA DE BIBLIOGRAFÍA, ETC.
Nota de bibliografía, etc. Bibliografía: p. 400
650 #4 - ASIENTO SECUNDARIO DE MATERIA--TÉRMINO DE MATERIA
Término de materia o nombre geográfico como elemento inicial cuadros estadísticos
9 (RLIN) 28890
650 #4 - ASIENTO SECUNDARIO DE MATERIA--TÉRMINO DE MATERIA
Término de materia o nombre geográfico como elemento inicial trabajador sindicalizado
9 (RLIN) 29645
650 #4 - ASIENTO SECUNDARIO DE MATERIA--TÉRMINO DE MATERIA
Término de materia o nombre geográfico como elemento inicial sindicalización
9 (RLIN) 29454
650 #4 - ASIENTO SECUNDARIO DE MATERIA--TÉRMINO DE MATERIA
Término de materia o nombre geográfico como elemento inicial derechos sindicales
9 (RLIN) 29470
650 #4 - ASIENTO SECUNDARIO DE MATERIA--TÉRMINO DE MATERIA
Término de materia o nombre geográfico como elemento inicial disminución salarial
9 (RLIN) 29847
650 #4 - ASIENTO SECUNDARIO DE MATERIA--TÉRMINO DE MATERIA
Término de materia o nombre geográfico como elemento inicial despido colectivo
9 (RLIN) 28359
650 #4 - ASIENTO SECUNDARIO DE MATERIA--TÉRMINO DE MATERIA
Término de materia o nombre geográfico como elemento inicial movilidad de la mano de obra
9 (RLIN) 28354
653 10 - TÉRMINO DE INDEXACIÓN--NO CONTROLADO
Término no controlado Relaciones laborales-Empleo
700 1# - ENCABEZAMIENTO SECUNDARIO--NOMBRE PERSONAL
Nombre de persona Sweetman, Arthur
9 (RLIN) 24620
773 0# - ENTRADA DE DOCUMENTO FUENTE
Título Industrial and labor relations review
Parte(s) relacionada(s) Vol. 51, n. 3 (abr. 1998){10695 R. 025762}; p. 384-400
Número de control del registro relacionado (ES-MaCES)25696
Itemnumber del ítem fuente 68777
902 ## - CES. TIPO DE DOCUMENTO
Tipodoc (006$c Sirtex) ART Artículo de revista
942 ## - ELEMENTOS KOHA
Fuente de clasificaión o esquema Clasificación propia del CES
Koha [por defecto] tipo de item Artículos (1982-2017)
Parte de clasificación 2.0.

No hay ítems disponibles.

© CES, Consejo Económico y Social de España 2021